Sports Quiz

Random Sports or Baseball Quiz
Score 0/30 Timer 08:00
1 Play Today
Team Player % Correct
Arizona DiamondbacksNone
99.8%
Washington NationalsBryce Harper
72.5%
Chicago CubsKris Bryant
71.2%
Los Angeles AngelsShohei Ohtani
69.7%
New York YankeesAaron Judge
66.8%
Boston Red SoxDustin Pedroia
65%
Milwaukee BrewersRyan Braun
64.1%
Philadelphia PhilliesRyan Howard
58%
Chicago White SoxJosé Abreu
55.6%
St. Louis CardinalsAlbert Pujols
54.9%
Houston AstrosYordan Álvarez
54.5%
San Francisco GiantsBuster Posey
54%
Seattle MarinersIchiro Suzuki
51%
Miami MarlinsJosé Fernández
48.2%
New York MetsPete Alonso
46.4%
Team Player % Correct
Detroit TigersMichael Fulmer
40.6%
Los Angeles DodgersCody Bellinger
31.4%
Atlanta BravesRonald Acuña Jr.
29.5%
Pittsburgh PiratesJason Bay
23.4%
Cleveland IndiansSandy Alomar, Jr.
22.9%
Tampa Bay RaysWil Myers
19.6%
Texas RangersNeftalí Feliz
13.4%
Kansas City RoyalsÁngel Berroa
12.2%
Oakland AthleticsAndrew Bailey
10.9%
San Diego PadresBenito Santiago
10.4%
Toronto Blue JaysEric Hinske
10%
Colorado RockiesJason Jennings
10%
Minnesota TwinsMarty Cordova
8.5%
Baltimore OriolesGregg Olson
8.1%
Cincinnati RedsScott Williamson
6.5%

You're not logged in!

Compare scores with friends on all Sporcle quizzes.
OR
Log In

Sporcle TV

Today on Sporcle TV


Watch our educational content, quiz creation guides, and fun videos on Sporcle TV.

Show Comments

Extras

Top Quizzes Today


Score Distribution

Paid Content

Your Account Isn't Verified!

In order to create a playlist on Sporcle, you need to verify the email address you used during registration. Go to your Sporcle Settings to finish the process.

Report this User

Report this user for behavior that violates our Community Guidelines.

Details: